La linterna mágica : (Registro nro. 15434)

Detalles MARC
000 -CABECERA
campo de control de longitud fija 02272nam a22003137a 4500
003 - IDENTIFICADOR DEL NÚMERO DE CONTROL
campo de control DO-SdBPM
005 - FECHA Y HORA DE LA ÚLTIMA TRANSACCIÓN
campo de control 20251013121510.0
007 - CAMPO FIJO DE DESCRIPCIÓN FÍSICA--INFORMACIÓN GENERAL
campo de control de longitud fija ta
008 - DATOS DE LONGITUD FIJA--INFORMACIÓN GENERAL
campo de control de longitud fija 161031b2024 pr a 00| 0 spa d
020 ## - NÚMERO INTERNACIONAL ESTÁNDAR DEL LIBRO
Número Internacional Estándar del Libro 9781944352530
040 ## - FUENTE DE LA CATALOGACIÓN
Centro catalogador/agencia de origen DO-SdBPM
Lengua de catalogación spa
Centro/agencia transcriptor BPMSU
Normas de descripción rda
082 #4 - NÚMERO DE LA CLASIFICACIÓN DECIMAL DEWEY
Número de clasificación 972.95
Número de documento/Ítem C921L 2024
Número de edición 22
100 1# - ENTRADA PRINCIPAL--NOMBRE DE PERSONA
Nombre de persona Crespo-Armáiz, Jorge L.
Término indicativo de función/relación autor
245 00 - MENCIÓN DE TÍTULO
Título La linterna mágica :
Resto del título Puerto Rico a través de vistas en cristal (1834-1930) /
Mención de responsabilidad, etc. Jorge L. Crespo Armáiz ; prólogo Libia González López
250 ## - MENCIÓN DE EDICIÓN
Mención de edición
264 ## - PRODUCCIÓN, PUBLICACIÓN, DISTRIBUCIÓN, FABRICACIÓN Y COPYRIGHT
Producción, publicación, distribución, fabricación y copyright San Juan, Puerto Rico :
Nombre del de productor, editor, distribuidor, fabricante Fundación Luis Muñoz Marían;
-- Colectivo Editorial Luscinia,
Fecha de producción, publicación, distribución, fabricación o copyright 2024
300 ## - DESCRIPCIÓN FÍSICA
Extensión 221 páginas :
Otras características físicas ilustración, retrato ;
Dimensiones 23 cm.
336 ## - TIPO DE CONTENIDO
Término de tipo de contenido texto
Código de tipo de contenido txt
Fuente rdacontent
337 ## - TIPO DE MEDIO
Nombre/término del tipo de medio sin mediación
Código del tipo de medio n
Fuente rdamedia
338 ## - TIPO DE SOPORTE
Nombre/término del tipo de soporte volumen
Código del tipo de soporte nc
Fuente rdacarrier
504 ## - NOTA DE BIBLIOGRAFÍA, ETC.
Nota de bibliografía, etc. Bibliografía : páginas 220-221
505 0# - NOTA DE CONTENIDO CON FORMATO
Nota de contenido con formato Mensaje del director de la Fundación Luis Muñoz Marín. Dr. Javier Alemán Iglesias, 9.-- Prefacio, 11.-- Listado de abreviaturas, 13.-- Prólogo : La imagen fantástica : del coleccionismo a la historia. Dra. Libia González López, 15.-- La "linterna mágica" : orígenes y evolución / De la cámara oscura a la imagen fija, 19.-- La laterna magika y la imagen proyectada, 21.-- Las fantasmagorías, 23.-- Movimientos mecánicos, 24.-- Fotografía, electricidad y masificación, 25.-- Impacto cultural y educativo de la linterna mágica, 26.-- La linterna mágica en Puerto Rico, 27.-- La Colección Jorge L. Crespo Armáiz, 35.-- Proyectando al subalterno : altruismo y discurso colonial a través de la colección de vistas en cristal de la iglesia presbiteriana (ca. 1925), 43.-- La Colección José A. Hernández-Mayoral, 59.-- Entre grietas y sombras : el paso del tiempo y el olvido sobre las imágenes en cristal. Dr. José Orlando Sued, 65.-- Epílogo, 71.-- Galería I : Colección Jorge L. Crespo Armáiz, 75.-- Galería II : Colección José A. Hernández-Mayoral, 159.-- Referencias, 220.
590 ## - NOTA LOCAL (RLIN)
Nota local Inventariado, 2025/VM
651 #7 - PUNTO DE ACCESO ADICIONAL DE MATERIA--NOMBRE GEOGRÁFICO
Nombre geográfico Puerto Rico
Subdivisión general Historia
Subdivisión cronológica Siglos XIX-XX
Subdivisión de forma
Subdivisión geográfica
651 #7 - PUNTO DE ACCESO ADICIONAL DE MATERIA--NOMBRE GEOGRÁFICO
Nombre geográfico Puerto Rico
Subdivisión general Historia en gráficas
Subdivisión cronológica Siglos XIX-XX
700 1# - PUNTO DE ACCESO ADICIONAL--NOMBRE DE PERSONA
Nombre de persona González López, Libia
Término indicativo de función/relación prólogo
910 ## - DATOS DE OPCIÓN DEL USUARIO (OCLC)
Datos de opción del usuario VMateo V. Control de calidad. BPMSU
942 ## - ELEMENTOS DE PUNTO DE ACCESO ADICIONAL (KOHA)
Fuente del sistema de clasificación o colocación Dewey Decimal Classification
Tipo de ítem Koha Libros
Existencias
Estado de retiro Estado de pérdida Fuente del sistema de clasificación o colocación No para préstamo Código de colección Localización permanente Ubicación/localización actual Fecha de adquisición Total de préstamos Signatura topográfica completa Código de barras Fecha visto por última vez Precio válido a partir de Tipo de ítem Koha
    Dewey Decimal Classification   Colección General Biblioteca Pública Metropolitana Salomé Ureña Biblioteca Pública Metropolitana Salomé Ureña 10/13/2025   BPMSU CG 972.95 C921L 2024 BPMSU25100028 10/13/2025 10/13/2025 Libros